000 01469cam a22003977a 4500
003 CHAP
005 20220329142040.0
008 990427d1993 mx r 00010 spa d
010 _a77610
011 _a78582
035 _a88593
040 _cCHAP
090 _aFolleto 15118
100 0 0 _aPérez González, Hugo Nicolás.
_989693
245 1 3 _aLa problemática de la administración financiera en el municipio mexicano
_c/por Hugo Nicolás Pérez González
260 _aMéxico, D.F. :
_bCentro de Investigación y Docencia Económicas. División de Administración Pública,
_c1993.
300 _a32 h. :
_bcuadros
410 2 _aCIDE. División de Administración Pública
490 0 _aDocumento de trabajo
_v; 38
590 _aBATCH-UPD
_b10
_c20130110
_lUCH01
_h0539
590 _aBATCH-UPD
_b10
_c20130110
_lUCH01
_h2342
590 _aBATCH-UPD
_b10
_c20130410
_lUCH01
_h0220
590 _aBATCH-UPD
_b10
_c20130410
_lUCH01
_h1630
590 _aBATCH-UPD
_b10
_c20130914
_lUCH01
_h0932
590 _aCONVERSION
_b10
_c20130109
_lUCH01
_h1343
650 1 4 _aAdministracion publica.
_9934
650 1 4 _aFinanzas públicas.
_940953
650 1 4 _aGobierno municipal.
_948413
650 1 4 _aMéxico
_xMunicipios.
_976781
810 0 0 _aCIDE. División de Administración Pública
_923093
830 0 _aDocumento de trabajo
_v; 38
_933227
901 _aBK
905 _aGuadaluupe Pinto C.
942 _cFOLL
949 _aFolleto 15118
_bBC
_cFOLL
_d885931
_eTS1
_i88593
_sb
999 _c77610
_d77610